000 00931nam a2200253 a 4500
001 54623
003 BD-RjUL
005 20211209080139.0
008 161108s1980 ii ||||| |||| 00| 0 ben d
020 _c: Tk. 25.00
035 _a(BD-RjUL)54745
040 _aBD-RjUL
_bben
_cBD-RjUL
041 _aben
082 _223
_a891.4408
_bBAB 1980
100 _aবসু্, বুদ্ধদেব
_9162923
245 1 0 _aবুদ্ধদেব বসু্র রচনাসংগ্রহ /
_cবুদ্ধদেব বসু্
250 _aবিশেষ সং.
260 _aকলকাতা :
_bগ্রন্থালয় প্রাইভেট,
_c১৯৮০
300 _aখণ্ড. ;
_c২৩ সেমি.
505 _aখণ্ড ২ ---
650 _aবাংলা সাহিত্য
_xসংগ্রহ
_9122902
650 _aBengali Literature
_xCollection
_9122903
942 _2ddc
_cBK
_01
999 _c54623
_d54623